| 000 | 00916cam a2200277 i 4500 | ||
|---|---|---|---|
| 999 |
_c9453 _d9453 |
||
| 001 | 9453 | ||
| 003 | BD-JhCC | ||
| 005 | 20180314163732.0 | ||
| 008 | 800410r1980 ctuaf b 001 0 eng | ||
| 020 | _a0313224471 (lib. bdg.) | ||
| 035 | _a(BD-JhCC)9453 | ||
| 040 |
_aDLC _cDLC _dDLC |
||
| 041 | _aeng | ||
| 050 | 0 | 0 |
_aHN16 _b.B37 1980 |
| 082 | 0 | 0 |
_a307 _bBAT 1980 |
| 100 | 1 |
_aBatten, T. R. _q(Thomas Reginald) |
|
| 245 | 1 | 0 |
_aCommunities and their development : _ban introductory study with special reference to the tropics / _cT. R. Batten. |
| 260 |
_aWestport, Conn. : _bGreenwood Press, _c1980, c1957. |
||
| 300 |
_avi, 248 p., [4] leaves of plates : _bill. ; _c22 cm. |
||
| 500 | _aReprint of the ed. published by Oxford University Press, London. | ||
| 500 | _aIncludes index. | ||
| 504 | _aBibliography: p. [242]-244. | ||
| 650 | 0 |
_aCommunity development _xTropics. |
|
| 942 |
_2ddc _cBK |
||